| 000 | 00374pab a2200145 454500 | ||
|---|---|---|---|
| 008 | 180718b1983 xxu||||| |||| 00| 0 eng d | ||
| 100 | _aThommen, T. Kochu | ||
| 245 |
_aAreas in courts _bMeasures to contain them |
||
| 260 | _c1983 | ||
| 300 | _a121-58 | ||
| 362 | _aJune | ||
| 650 | _aJudicial Procedure - India | ||
| 773 | _aCochin University Law Review | ||
| 909 | _a11556 | ||
| 999 |
_c11556 _d11556 |
||